LEADER 01110cam a22002777i 4500 001 991000752139707536 008 050117s2000 enka b 001 0 eng d 020 $a0340759097 035 $ab13267541-39ule_inst 040 $aDip.to Di.S.Te.B.A.$beng 082 00$a614.5$221 245 00$aMolecular epidemiology of infectious diseases /$cedited by R. C. Andrew Thompson 260 $aLondon :$bArnold ;$aNew York :$bOxford University Press,$c2000 300 $aviii, 326 p. :$bill. ;$c28 cm 504 $aIncludes bibliographical references and index 650 0$aCommunicable diseases$xEpidemiology 650 0$aMolecular epidemiology 650 12$aCommunicable Diseases$xEpidemiology 650 22$aEpidemiologic Methods 700 1 $aThompson, R. C. A. 907 $a.b13267541$b21-09-06$c17-01-05 912 $a991000752139707536 945 $aLE003 614.5 THO01.01 (2000)$g1$i2003000098228$lle003$o-$pE126.43$q-$rl$s- $t0$u2$v20$w2$x0$y.i13985395$z17-01-05 996 $aMolecular epidemiology of infectious diseases$91106488 997 $aUNISALENTO 998 $ale003$b17-01-05$cm$da $e-$feng$genk$h0$i0